Slovo na uzde neudržíš Zo satirickej tvorby Rasula Hamzatova

Bibliographic Details
Main Author: Hamzatov, Rasul, 1923-2003 (Author)
Other Authors: Čižmárik, Rudolf, 1949-2008 (Translator)
Format: Article
Language:Slovak
Subjects:

MARC

LEADER 00000nab a2200000 a 4500
001 vtls000210846
003 SK-MaSNL
005 20260302212127.0
008 111130c1985 xo 0 slo
015 |a SNBRB19rr/mm-uuuuu 
035 |a CL0220959 
040 |a SNKBUCL  |b slo  |c SNKBUCL  |e AACR2 
041 0 |a slo 
044 |a xo  |c SK 
080 |a 894.612.4-1  |2 1981 
100 1 |a Hamzatov, Rasul,  |d 1923-2003  |4 aut  |9 158631 
245 1 0 |a Slovo na uzde neudržíš  |b Zo satirickej tvorby Rasula Hamzatova  |c Rasul Hamzatov ; Rudolf Čižmárik 
500 |a Poznámka o autorovi. 
650 0 7 |a epigramy  |2 snkbucl  |9 75613 
655 7 |a články z novín a časopisov  |2 snkbucl  |9 267496 
655 7 |a články z odboru literárna veda a krásna literatúra  |2 snkbucl  |9 770045 
700 1 |a Čižmárik, Rudolf,  |d 1949-2008  |4 trl  |9 85590 
773 0 |t Roháč  |g Roč. 38, č. 14 (1985), s. 10 
850 |a Slovenská národná knižnica v Martine  |a MTA001 
852 |a SNK  |b KIS3GCP 
958 |a RK 
958 |a LX 
958 |a SU 
992 |a RBX 
999 |c 1487839  |d 1489769